Spanje kaart - Statistics

General Stats
  • This quiz has been taken 10 times
  • The average score is 16 of 60
Answer Stats
Hint Answer % Correct
i Madrid
100%
14 Madrid
100%
13 Barcelona
67%
25 Sevilla
67%
18 Valencia
67%
19 Alicante
33%
21 Alméria
33%
n Andalusië
33%
E Andorra
33%
b Asturië
33%
G Atlantische Oceaan
33%
e Baskenland
33%
7 Bilbao
33%
h Catalonië
33%
24 Cordoba
33%
s Costa Blanca
33%
u Costa Brava
33%
r Costa de Alméria
33%
p Costa de la Luz
33%
q Costa del Sol
33%
t Costa Dorada
33%
o Costa Verde
33%
K Douro
33%
D Frankrijk
33%
a Galicië
33%
F Gibraltar
33%
12 Girona
33%
I Golf van Biskaje
33%
22 Granada
33%
f La Rioja
33%
23 Malaga
33%
H Middellandse Zee
33%
m Murcia
33%
20 Murcia
33%
C Portugal
33%
15 Salamanca
33%
1 Santiago de Compostella
33%
B Spanje
33%
A Spanje en Portugal
33%
l Valencië
33%
11 Zaragoza
33%
2 A Coruna
0%
g Aragon
0%
d Cantabrië
0%
k Castilla-La Mancha
0%
c Castilla y Leon
0%
J Ebro
0%
j Extremadura
0%
M Guadalquivir
0%
4 Leon
0%
9 Logrono
0%
16 Mérida
0%
v Navarra
0%
3 Oviedo
0%
10 Pamplona
0%
6 Santander
0%
L Tajo
0%
17 Toledo
0%
5 Valladolid
0%
8 Vitoria
0%
No matching quizzes found
Score Distribution
Percent of People with Each Score
Percentile by Number Answered
Your Score History
You have not taken this quiz